Statistiken für Alle Bahnlinien die über dem VRR Gebiet fahren nennen?

Klicken Sie hier um das Quiz zu spielen!

Allgemein

  • Dieses Quiz wurde 113 mal gespielt
  • Das Durchschnittsergebnis liegt bei 41 aus 50

Antwortstatistiken

HinweisAntwort% Korrekt
Dortmund Hbf - Solingen HbfS1
99%
Dortmund Hbf - Recklinghausen Hbf/Essen HbfS2
99%
Dortmund Hbf - Hagen HbfS5
99%
Aachen Hbf - Dortmund HbfRE4
98%
Oberhausen Hbf - Hattingen (Ruhr) MitteS3
98%
DO-Lütgendortmund - UnnaS4
98%
Essen Hbf - K-WorringenS6
98%
Hagen Hbf - Mönchengladbach HbfS8
98%
Hagen Hbf - Recklinghausen Hbf/Haltern am SeeS9
98%
Solingen Hbf - Wuppertal HbfS7
97%
Hamm (Westf.) Hbf - Aachen HbfRE1
96%
Osnabrück Hbf - Düsseldorf HbfRE2
96%
Hamm (Westf.) Hbf - Düsseldorf HbfRE3
96%
Koblenz Hbf - WeselRE5
94%
Köln/Bonn Flughafen - MindenRE6
94%
Krefeld Hbf - RheineRE7
94%
Mönchengladbach Hbf - Koblenz HbfRE8
94%
Düsseldorf Hbf - KleveRE10
91%
Kassel-Wilhelmshöhe - Düsseldorf HbfRE11
91%
D Flughafen Terminal - Bergisch GladbachS11
89%
Venlo - Hamm (Westf.) HbfRE13
88%
E-Steele - Borken (Westf.)/Coesfeld (Westf.)RE14
87%
Essen Hbf - Iserlohn/Siegen HbfRE16
84%
Hagen Hbf - Kassel-WilhelmshöheRE17
84%
Düsseldorf Hbf - Arnhem Centraal/BocholtRE19
80%
Kaarster See - Wuppertal HbfS28
80%
Aachen Hbf - Heinsberg(Rheinl.)/Essen HbfRB33
73%
Essen Hbf - Hagen HbfRB40
72%
Duisburg Hbf - XantenRB31
71%
Duisburg Hbf - Dortmund HbfRB32
71%
Düsseldorf Hbf - Bedburg (Erft)RB39
71%
Münster (Westf.) Hbf - Mönchengladbach HbfRE42
71%
Mönchengladbach Hbf - DalheimRB34
70%
Mönchengladbach Hbf - Gelsenkirchen HbfRB35
70%
Bedburg (Erft) - K Messe/DeutzRB38
70%
Bochum Hbf - Gelsenkirchen HbfRB46
70%
BN-Mehlem - W-OberbarmenRB48
70%
Langenfeld (Rheinl.) - W-VohwinkelS68
70%
Lüdenscheid - K HansaringRB25
69%
DU-Ruhrort - Oberhausen HbfRB36
69%
Dorsten - Dortmund HbfRB43
69%
Dortmund Hbf - SoestRB59
69%
Mönchengladbach Hbf - Koblenz HbfRB27
66%
Dortmund Hbf - Münster (Westf.) HbfRB50
66%
Dortmund Hbf - EnschedeRB51
66%
Lüdenscheid - Dortmund HbfRB52
66%
Dortmund Hbf - IserlohnRB53
66%
Unna - NeuenradeRB54
66%
Wesel - Wuppertal HbfRE49
66%
Moers - Bottrop HbfRE44
65%

Verteilung der Resultate

Perzentil nach korrekt beantworteten Fragen

Anzahl Personen mit jedem Resultat

Ihre Resultats-Entwicklung

Sie haben dieses Quiz noch nicht gespielt